| 000 | 00349nam a22001097a 4500 | ||
|---|---|---|---|
| 008 | 150825b xxu||||| |||| 00| 0 eng d | ||
| 020 | _a0133847446. | ||
| 082 | _a428.64 KAR | ||
| 100 | _aKARANT PRISCILLA, | ||
| 245 |
_aHEASDLINES: _bAN ADVANCED TEXT FOR READING,SPEAKING, AND LISTENIND |
||
| 260 |
_aNEW YORK: _bPRENTICE HALL REGENTS,ENGLEWOOD CLIFFS, _c1985. |
||
| 999 |
_c902 _d902 |
||